Мероприятия партийных организаций Сибири по укреплению Советов в период перехода к новой экономической политике; Материалы научной конференции по истории Сибири, посвященной 50-летию Великого Октября

Dades bibliogràfiques
Parent link:Материалы научной конференции по истории Сибири, посвященной 50-летию Великого Октября.— 1967.— С. 62-65
Autor principal: Гагарин А. В.
Idioma:rus
Publicat: 1967
Matèries:
Format: Capítol de llibre
KOHA link:https://koha.lib.tpu.ru/cgi-bin/koha/opac-detail.pl?biblionumber=590695

MARC

LEADER 00000naa0a2200000 4500
001 590695
005 20250620133748.0
035 |a (RuTPU)RU\TPU\tpu\63 
035 |a TPU00000063 
090 |a 590695 
100 |a 20011210d1967 k||y0rusy50 ca 
101 0 |a rus 
102 |a RU 
200 1 |a Мероприятия партийных организаций Сибири по укреплению Советов в период перехода к новой экономической политике  |f А. В. Гагарин 
463 1 |t Материалы научной конференции по истории Сибири, посвященной 50-летию Великого Октября  |v С. 62-65  |d 1967 
610 1 |a история 
610 1 |a труды учёных ТПУ 
700 1 |a Гагарин  |b А. В. 
801 0 |a RU  |b 63413507  |c 20011210  |g PSBO 
801 2 |a RU  |b 63413507  |c 20050419  |g PSBO 
850 |a 63413507 
942 |c BK